000 00870nam a2200253Ia 4500
003 GCL
008 140319s9999 xx 000 0 ara d
040 _aGCL /
_cGCL
082 0 4 _a745.3
_bا م
100 1 _aاحمد المفتى
245 1 0 _aموسوعة الزخرفة التاريخية :
_bدراسة تاريخية فنية /
_cاحمد المفتى
250 _aالاولى
260 _aسوريا :
_bدار دمشق للنشر والتوزيع والطباعة ،
_c2001
300 _a548 ص ؛
_c28 سم
650 0 4 _aالفن المصرى القديم
650 0 4 _aالزخرفة
650 0 4 _aالفن القديم
650 0 4 _aالفن الاغريقى
650 0 4 _aالفن القوطى
650 0 4 _aالفن اليونانى
650 0 4 _aالفن الاسلامى
650 0 4 _aالزخرفة البيزنطية
942 _2ddc
_cBK
999 _c7967
_d7967